| 000 | 00792nam a2200301Ia 4500 | ||
|---|---|---|---|
| 008 | 190123s9999 xx 000 0 und d | ||
| 020 | _a9780545389334 | ||
| 050 | _bG812 2010 | ||
| 100 | _aGreene, Stephanie | ||
| 245 | 8 | _aAnd the first grade parade / | |
| 245 | 0 | _cby Stephanie Greene ; illustrated by Stephanie Roth Sisson. | |
| 260 | _aNew York, New York : | ||
| 260 | _bScholastic, | ||
| 260 | _c2010 | ||
| 300 | _a83 pages : | ||
| 300 | _bcolored illustrations ; | ||
| 300 | _c19cm. | ||
| 440 | _aPrincess Posey. | ||
| 500 | _a380L | ||
| 650 | _aChildren's plays. | ||
| 650 | _aFear. | ||
| 650 | _aFirst day of school. | ||
| 650 | _aJealousy in children. | ||
| 650 | _aSchools. | ||
| 700 | _aSeries. | ||
| 700 | _aSisson, Stephanie Roth. | ||
| 700 | _aTitle. | ||
| 999 |
_c361098 _d361098 |
||